| 000 | 01261nam a2200313 a 4500 | ||
|---|---|---|---|
| 001 | 37673 | ||
| 003 | BD-RjUL | ||
| 005 | 20211209052632.0 | ||
| 008 | 150206s1988 ii a b 101 0 eng | ||
| 020 | _a8185109869 : | ||
| 035 | _a(BD-RjUL) | ||
| 040 |
_aDLC _cDLC _dDLC _beng |
||
| 041 | _aeng | ||
| 082 | 0 | 0 |
_a631.86 _220 _bBIO 1988 |
| 245 | 0 | 0 |
_aBiofertilizers : _b potentialities and problems / _cedited by S.P. Sen & P. Palit. |
| 260 |
_aCalcutta : _bPlant Physiology Forum : _bNaya Prokash, _c1988. |
||
| 300 |
_a263 p. : _bill. ; _c23 cm. |
||
| 500 | _aPapers of the National Symposium on Biofertilizers: Potentialities and Problems, held at the Bidhan Chandra Krishi Viswavidyalaya, 1986; organized by the Plant Physiology Forum, Calcutta. | ||
| 504 | _aIncludes bibliographies and index. | ||
| 650 | 0 |
_aBiofertilizers _zCongresses. _9115830 |
|
| 650 | 0 |
_aBiofertilizers _zIndia _xCongresses. _9115831 |
|
| 700 | 1 |
_aSen, S. P. _9115832 |
|
| 700 | 1 |
_aPalit, P. _9115833 |
|
| 710 | 2 |
_aPlant Physiology Forum (Calcutta, India) _9115834 |
|
| 711 | 2 |
_aNational Symposium on Biofertilizers: Potentialities and Problems _d(1986 : _cBidhan Chandra Krishi Viswavidyalaya) _9115835 |
|
| 942 |
_2ddc _cBK |
||
| 999 |
_c37673 _d37673 |
||